LEADER 00939cam0 22002893 450 001 SOB016769 005 20200730075758.0 010 $a8437619521 100 $a20040211d2002 |||||ita|0103 ba 101 $aspa 102 $aSP 200 1 $aSanta$fFederico Gamboa$gedición Javier Ordiz 210 $aMadrid$cEdiciones Cátedra, S.A.$d2002 215 $a362 p.$d18 225 2 $aLetras Hispánicas$v523 410 1$1001LAEC00016135$12001 $a*Letras Hispánicas$v523 700 1$aGamboa$b, Federico$3AF00011040$4070$0175802 702 1$aOrdiz, Javier$3AF00021460$4070 801 0$aIT$bUNISOB$c20200730$gRICA 850 $aUNISOB 852 $aUNISOB$j860|Coll|4|K$m109771 912 $aSOB016769 940 $aM 102 Monografia moderna SBN 941 $aM 957 $a860|Coll|4|K$b000523$gSI$d109771$racquisto$tN$1vittorini$2UNISOB$3UNISOB$420130516081427.0$520200730075758.0$6Spinosa 996 $aSanta$9541387 997 $aUNISOB